000 00345nam a2200133Ia 4500
005 20260326100039.0
008 260326s9999||||xx |||||||||||||| ||und||
100 _aDávila P., Luis Guillermo
245 0 _aGrandes familias de Panamá /
_cLuis Guillermo Dávila P.
260 _bSalamandra
300 _a156 p.
650 _aPANAMÁ
942 _cBK
999 _c6920
_d6920